000 00848nam a2200253 i 4500
001 000025672
003 DO-SdBNP
005 20230824145831.0
007 ta
008 110221s1978 dr 000 0 spa d
040 _aDO-SdBNP
_bspa
_cBNPHU
_erda
082 4 _bF673i
_222
110 2 _aFondo Para el Avance de las Ciencias Sociales
_952427
245 1 3 _aLa investigación sociológica en la República Dominicana :
_buna evaluación.
264 _aSanto Domingo :
_bFondo Para el Avance de las Ciencias Sociales,
_c1978.
300 _a60 páginas ;
_c22 cm.
336 _2rdacontent
_atexto
_btxt
337 _2rdamedia
_asin mediación
_bnc
338 _2rdacarrier
_avolumen
_bn
500 _aIncluye referencias bibliográficas y notas al pie de las páginas
590 _aInventariado, 2022/BT
910 _aBtavárez
942 _2ddc
_cLBS1
999 _c25164
_d25164